000 00692nas a2200241 i 4500
001 173463
003 ES-MaACL
005 20250807062552.0
008 091202c1950 sp a| | ||pa d
080 _a616
245 0 0 _aAnales del Hospital Militar Central "Gómez Ulla".
260 _aMadrid :
_bH.M.C.G.U.,
_c1950-
300 _a6 v. ;
_c17 cm.
310 _aAnual
650 0 7 _aMedicina
_2embne
_914891
655 7 _2tgfbne
_9226866
_aRevistas
710 2 _aHospital Militar Central "Gómez Ulla"
_9141700
852 1 _aBA
_jP-511-Ter
_cDEPO2
866 0 _o1950-1951, 1954, 1956-1957, 1959.
942 _2udc
_cPERIODICA
999 _c173463
_d173463